Poszt-szocialista femináriumok a genderpolitika tükrében

Elmentve itt :
Bibliográfiai részletek
Szerző: Bajner Mária
Testületi szerző: A társadalmi nemi viszonyok a rendszerváltozás elmúlt húsz évében: Poszt-szocializmus (?) és feminizmus (2011) (Szeged)
Dokumentumtípus: Cikk
Megjelent: 2012
Sorozat:Társadalmi Nemek Tudománya Interdiszciplináris eFolyóirat 2 No. 2
Kulcsszavak:Feminizmus
Online Access:http://acta.bibl.u-szeged.hu/64391
LEADER 00792nab a2200193 i 4500
001 acta64391
005 20260224081030.0
008 200324s2012 hu o 000 hun d
022 |a 2062-7084 
040 |a SZTE Egyetemi Kiadványok Repozitórium  |b hun 
041 |a hun 
100 1 |a Bajner Mária 
245 1 0 |a Poszt-szocialista femináriumok a genderpolitika tükrében  |h [elektronikus dokumentum] /  |c  Bajner Mária 
260 |c 2012 
300 |a 132-146 
490 0 |a Társadalmi Nemek Tudománya Interdiszciplináris eFolyóirat  |v 2 No. 2 
695 |a Feminizmus 
710 |a A társadalmi nemi viszonyok a rendszerváltozás elmúlt húsz évében: Poszt-szocializmus (?) és feminizmus (2011) (Szeged) 
856 4 0 |u http://acta.bibl.u-szeged.hu/64391/1/tntef_002_002_132-146.pdf  |z Dokumentum-elérés